000 00253nam a2200109Ia 4500
008 190911s9999||||xx |||||||||||||| ||und||
100 _aLui, C.H
245 0 _aElements of Discrete Mathematics
260 _aUK
_bPearson
_c2000
300 _a358
942 _cBK
999 _c6631
_d6631